Mercado de divisas: de la teoría a la práctica

Enregistré dans:
Détails bibliographiques
Auteur principal: Morales Castro, Arturo (autor)
Format: Livre
Langue:espagnol
Publié: Buenos Aires Alfaomega 2013
Édition:1a. ed
Sujets:
Tags: Ajouter un tag
Pas de tags, Soyez le premier à ajouter un tag!

MARC

LEADER 00000cam a2200000 a 4500
001 UCE2495
003 CL-VaPUC
008 140710e20130000ag |||||||||||||||||spa|d
020 |a 9786077076025 
082 0 4 |a 332.45  |b MOR  |2 21 
100 |a Morales Castro, Arturo  |e autor  |9 574945 
245 1 0 |a Mercado de divisas: de la teoría a la práctica 
250 |a 1a. ed 
300 |a 150 p 
942 |c BK 
945 |d 20140710 11:54:00  |a cmena 
260 |a Buenos Aires  |b Alfaomega  |c 2013 
650 7 |a DIVISAS  |2 CL-VaPUC  |9 372696 
650 0 |a Mercado cambiaro  |9 393370 
650 0 |a Riesgos   |9 430723 
583 |a last modification  |c 20140710 11:54:00  |k Rodrigo Vera 
999 |c 356085  |d 356083 
952 |0 0  |1 0  |3 erb  |4 0  |6 332_450000000000000_MOR_2013  |7 0  |8 A  |9 463199  |a BIBENE  |b BIBENE  |i 5086337  |o 332.45 MOR 2013  |p 5086337  |r 2025-01-15  |w 2019-11-23  |y BK  |z Catalogado en:20140710  |k ICO